कुन्ती / (Record no. 112073)

MARC details
000 -LEADER
fixed length control field 01001nam a22002537a 4500
005 - DATE AND TIME OF LATEST TRANSACTION
control field 20170124102933.0
010 ## - LIBRARY OF CONGRESS CONTROL NUMBER
LC control number B-158127
020 ## - INTERNATIONAL STANDARD BOOK NUMBER
Terms of availability 200.00
International Standard Book Number 81882121172
035 ## - SYSTEM CONTROL NUMBER
System control number B-158127
037 ## - SOURCE OF ACQUISITION
Source of stock number/acquisition Cen Lib/Ret
040 ## - CATALOGING SOURCE
Original cataloging agency DPL
Language of cataloging HN
082 ## - DEWEY DECIMAL CLASSIFICATION NUMBER
Classification number 821
Item number पांडेय
100 ## - MAIN ENTRY--PERSONAL NAME
Personal name पांडेय, सुरेन्द्र
9 (RLIN) 6449
245 ## - TITLE STATEMENT
Title कुन्ती /
Statement of responsibility, etc सुरेन्द्र पांडेय
246 ## - VARYING FORM OF TITLE
Title proper/short title Kunti /
Remainder of title by Surendra Panday
260 ## - PUBLICATION, DISTRIBUTION, ETC. (IMPRINT)
Place of publication, distribution, etc इलाहबाद
Name of publisher, distributor, etc विभोर प्रकाशन
Date of publication, distribution, etc 2000
270 ## - ADDRESS
Address 49B, हेस्टिंग रोड
City इलाहबाद
300 ## - PHYSICAL DESCRIPTION
Extent 243पृ.
Dimensions 19सेमी (सजिल्द)
650 ## - SUBJECT ADDED ENTRY--TOPICAL TERM
Topical term or geographic name as entry element हिन्दी साहित्य
9 (RLIN) 45751
650 ## - SUBJECT ADDED ENTRY--TOPICAL TERM
Topical term or geographic name as entry element महाकाव्य
General subdivision नारी चेतना
9 (RLIN) 45752
650 ## - SUBJECT ADDED ENTRY--TOPICAL TERM
Topical term or geographic name as entry element Hindi literature
9 (RLIN) 45753
650 ## - SUBJECT ADDED ENTRY--TOPICAL TERM
Topical term or geographic name as entry element Epic
General subdivision Female consciousness
9 (RLIN) 45754
942 ## - ADDED ENTRY ELEMENTS (KOHA)
Source of classification or shelving scheme Dewey Decimal Classification
Koha item type Hindi Books
Classification part 821
Call number suffix पांडेय
Holdings
Withdrawn status Lost status Damaged status Not for loan Home library Current library Date acquired Source of acquisition Cost, normal purchase price Total Checkouts Full call number Barcode Date last seen Copy number Cost, replacement price Price effective from Koha item type Public note
        Central Library Central Library 06/08/2015 Cen Lib/Ret 200.00   821 पांडेय B-158127 06/08/2015 1 200.00 06/08/2015 Hindi Books Legal Case (Register 2018)

© Delhi Public Library
Hit Counter
free hit counter